[Event "Budapest-chT1 Lilienthal 1314"]
[Site "Budapest"]
[Date "2013.09.29"]
[Round "1"]
[White "Eperjesi, Laszlo"]
[Black "Portisch, Ferenc"]
[Result "1/2-1/2"]
[WhiteElo "2161"]
[BlackElo "2336"]
[PlyCount "29"]
[EventDate "2013.09.29"]
[EventType "team-tourn"]
[EventRounds "11"]
[EventCountry "HUN"]
[SourceTitle "EXT 2021"]
[Source "ChessBase"]
[SourceDate "2020.10.23"]
[SourceVersion "1"]
[SourceVersionDate "2020.10.23"]
[SourceQuality "1"]
[WhiteTeam "Budapest Vasas II"]
[BlackTeam "Budapest HUSI II"]
[WhiteTeamCountry "HUN"]
[BlackTeamCountry "HUN"]

1. d4 Nf6 2. Nf3 d5 3. c4 c6 4. cxd5 cxd5 5. Nc3 Nc6 6. Bf4 Bf5 7. e3 e6 8. Bd3 Bxd3 9. Qxd3 Bb4 10. 0-0 0-0 11. h3 Bxc3 12. Qxc3 Ne4 13. Qa3 Qa5 14. Qxa5 Nxa5 15. Rfc1 1/2-1/2

[Event "Zalakaros op 25th"]
[Site "Zalakaros"]
[Date "2006.05.27"]
[Round "9"]
[White "Okhotnik, Vladimir"]
[Black "Portisch, Ferenc"]
[Result "1/2-1/2"]
[WhiteElo "2479"]
[BlackElo "2327"]
[PlyCount "66"]
[EventDate "2006.05.19"]
[EventType "swiss"]
[EventRounds "9"]
[EventCountry "HUN"]
[SourceTitle "EXT 2007"]
[Source "ChessBase"]
[SourceDate "2006.11.23"]
[SourceVersion "1"]
[SourceVersionDate "2006.11.23"]
[SourceQuality "1"]

1. d4 Nf6 2. Nf3 g6 3. Nc3 d5 4. Bf4 c6 5. e3 Nbd7 6. Be2 Bg7 7. Ne5 Nb6 8. h4 h6 9. Qd2 Be6 10. f3 Nfd7 11. 0-0-0 Nxe5 12. Bxe5 Bxe5 13. dxe5 Nd7 14. e4 dxe4 15. Nxe4 Qc7 16. f4 0-0-0 17. Qb4 Qb6 18. Qa3 Bd5 19. Bf3 Bxe4 20. Bxe4 Nc5 21. Bf3 Rxd1+ 22. Rxd1 Rd8 23. h5 Rxd1+ 24. Bxd1 gxh5 25. Qh3+ Ne6 26. Bxh5 Qf2 27. g3 Kc7 28. Qh4 Qe3+ 29. Kd1 Qg1+ 30. Kd2 Qf2+ 31. Be2 Qd4+ 32. Ke1 Qg1+ 33. Kd2 Qd4+ 1/2-1/2

[Event "Zalakaros op 25th"]
[Site "Zalakaros"]
[Date "2006.05.23"]
[Round "5"]
[White "Csiszar, Csaba"]
[Black "Portisch, Ferenc"]
[Result "1/2-1/2"]
[WhiteElo "2435"]
[BlackElo "2327"]
[PlyCount "46"]
[EventDate "2006.05.19"]
[EventType "swiss"]
[EventRounds "9"]
[EventCountry "HUN"]
[SourceTitle "EXT 2007"]
[Source "ChessBase"]
[SourceDate "2006.11.23"]
[SourceVersion "1"]
[SourceVersionDate "2006.11.23"]
[SourceQuality "1"]

1. d4 Nf6 2. c4 d6 3. Nf3 Nbd7 4. Nc3 e5 5. e4 Be7 6. Be2 0-0 7. 0-0 c6 8. Re1 Ne8 9. Rb1 Nc7 10. b4 a6 11. Be3 b5 12. d5 cxd5 13. cxd5 g6 14. Bh6 Re8 15. Bd3 Nb6 16. Be3 Rb8 17. Qc2 Bd7 18. h3 Nca8 19. Rbc1 Rc8 20. Qb3 Nc4 21. Bxc4 Rxc4 22. Nb1 Rxc1 23. Rxc1 Qb8 1/2-1/2

[Event "Zalakaros op 25th"]
[Site "Zalakaros"]
[Date "2006.05.20"]
[Round "2"]
[White "Portisch, Ferenc"]
[Black "Groszpeter, Attila"]
[Result "1/2-1/2"]
[WhiteElo "2327"]
[BlackElo "2518"]
[PlyCount "33"]
[EventDate "2006.05.19"]
[EventType "swiss"]
[EventRounds "9"]
[EventCountry "HUN"]
[SourceTitle "EXT 2007"]
[Source "ChessBase"]
[SourceDate "2006.11.23"]
[SourceVersion "1"]
[SourceVersionDate "2006.11.23"]
[SourceQuality "1"]

1. d4 Nf6 2. c4 e6 3. Nf3 d5 4. Nc3 c5 5. cxd5 Nxd5 6. e3 Nc6 7. Bc4 Nxc3 8. bxc3 Be7 9. 0-0 0-0 10. e4 cxd4 11. cxd4 b6 12. Bb2 Bb7 13. Qe2 Rc8 14. Rac1 Qd6 15. d5 exd5 16. Bxd5 Qh6 17. e5 1/2-1/2

[Event "Tapolca op"]
[Site "Budapest"]
[Date "2005.08.16"]
[Round "5"]
[White "Devcic, Darko"]
[Black "Portisch, Ferenc"]
[Result "1/2-1/2"]
[WhiteElo "2268"]
[BlackElo "2331"]
[PlyCount "21"]
[EventDate "2005.08.14"]
[EventType "swiss"]
[EventRounds "7"]
[EventCountry "HUN"]
[SourceTitle "EXT 2008"]
[Source "ChessBase"]
[SourceDate "2007.11.25"]
[SourceVersion "1"]
[SourceVersionDate "2007.11.25"]
[SourceQuality "1"]

1. d4 Nf6 2. c4 g6 3. Nf3 Bg7 4. g3 0-0 5. Bg2 c6 6. 0-0 Ne4 7. b3 d5 8. Bb2 Nd7 9. Nfd2 Nxd2 10. Nxd2 Nb6 11. Rc1 1/2-1/2

[Event "Ajka Borostyan Cup"]
[Site "Ajka"]
[Date "2005.07.06"]
[Round "5"]
[White "Keresztes, Richard"]
[Black "Portisch, Ferenc"]
[Result "0-1"]
[WhiteElo "2232"]
[BlackElo "2331"]
[PlyCount "60"]
[EventDate "2005.07.02"]
[EventType "swiss"]
[EventRounds "9"]
[EventCountry "HUN"]
[SourceTitle "EXT 2008"]
[Source "ChessBase"]
[SourceDate "2007.11.25"]
[SourceVersion "1"]
[SourceVersionDate "2007.11.25"]
[SourceQuality "1"]

1. d4 Nf6 2. c4 g6 3. Nc3 Bg7 4. e4 d6 5. Be2 0-0 6. Be3 c5 7. d5 e6 8. g4 exd5 9. cxd5 Qe7 10. f3 Bxg4 11. fxg4 Nxe4 12. Qd3 c4 13. Qxc4 Nxc3 14. bxc3 Qxe3 15. Rd1 Nd7 16. Qd3 Bxc3+ 17. Kf1 Qf4+ 18. Qf3 Qb4 19. Nh3 f5 20. g5 f4 21. Nf2 Ne5 22. Qe4 f3 23. Bd3 Rf4 24. Qxb4 Bxb4 25. h4 Bc5 26. h5 Raf8 27. hxg6 hxg6 28. Bb5 Bxf2 29. Kxf2 Ng4+ 30. Kg3 f2 0-1

[Event "Zalakaros op 24th"]
[Site "Zalakaros"]
[Date "2005.05.27"]
[Round "8"]
[White "Dovzik, Juri"]
[Black "Portisch, Ferenc"]
[Result "1-0"]
[WhiteElo "2397"]
[BlackElo "2350"]
[PlyCount "77"]
[EventDate "2005.05.20"]
[EventType "swiss"]
[EventRounds "9"]
[EventCountry "HUN"]
[SourceTitle "EXT 2007"]
[Source "ChessBase"]
[SourceDate "2006.11.23"]
[SourceVersion "1"]
[SourceVersionDate "2006.11.23"]
[SourceQuality "1"]

1. d4 Nf6 2. Nf3 g6 3. c4 Bg7 4. g3 0-0 5. Bg2 c6 6. 0-0 Ne4 7. Qb3 d5 8. Nc3 dxc4 9. Qxc4 Nd6 10. Qd3 Nd7 11. e4 c5 12. Be3 c4 13. Qe2 Nb6 14. a4 a5 15. Rfd1 Bg4 16. h3 Bd7 17. Kh2 Qe8 18. Qc2 Ra6 19. Ne5 Be6 20. d5 Bc8 21. Nf3 Nd7 22. Nb5 Nxb5 23. axb5 Ra8 24. Rd2 Nf6 25. Qxc4 Bd7 26. Nd4 Rc8 27. Qb3 e5 28. dxe6 fxe6 29. Rxa5 Kh8 30. Ne2 e5 31. Nc3 Be6 32. Nd5 Qf7 33. b6 Rfd8 34. Qd1 Rc4 35. Nc7 Rxd2 36. Ra8+ Ng8 37. Qxd2 h5 38. Nxe6 Qxe6 39. Qd5 1-0

[Event "HUN-chT2 Charousek 0405"]
[Site "Hungary"]
[Date "2005.04.10"]
[Round "10"]
[White "Portisch, Ferenc"]
[Black "Kun, Gabor"]
[Result "1/2-1/2"]
[WhiteElo "2332"]
[BlackElo "2354"]
[PlyCount "66"]
[EventDate "2004.09.26"]
[EventType "team"]
[EventRounds "11"]
[EventCountry "HUN"]
[SourceTitle "EXT 2008"]
[Source "ChessBase"]
[SourceDate "2007.11.25"]
[SourceVersion "1"]
[SourceVersionDate "2007.11.25"]
[SourceQuality "1"]
[WhiteTeam "Csuti II"]
[BlackTeam "Taban Spartacus"]
[WhiteTeamCountry "HUN"]
[BlackTeamCountry "HUN"]

1. d4 f5 2. Nf3 Nf6 3. g3 g6 4. Bg2 Bg7 5. 0-0 0-0 6. c4 d6 7. Nc3 Nc6 8. d5 Na5 9. Qa4 c5 10. dxc6 Nxc6 11. Rd1 Bd7 12. c5 dxc5 13. Qc4+ Kh8 14. Qxc5 Rc8 15. Bf4 Qe8 16. Qe3 Ng4 17. Qd2 e5 18. Qxd7 exf4 19. Qxe8 Rcxe8 20. gxf4 Bxc3 21. bxc3 Rxe2 22. Rd7 Re7 23. Rxe7 Nxe7 24. Rd1 Nf6 25. Ne5 b6 26. c4 Kg7 27. a4 Rc8 28. Bf3 Rc5 29. Rd8 Ra5 30. Rb8 Rxa4 31. Rb7 Kf8 32. Rb8+ Kg7 33. Rb7 Kf8 1/2-1/2

[Event "HUN-ch Seniors"]
[Site "Ajka"]
[Date "2005.03.27"]
[Round "6"]
[White "Szabo, Ervin"]
[Black "Portisch, Ferenc"]
[Result "1/2-1/2"]
[WhiteElo "2128"]
[BlackElo "2350"]
[PlyCount "101"]
[EventDate "2005.03.24"]
[EventType "swiss"]
[EventRounds "7"]
[EventCountry "HUN"]
[SourceTitle "EXT 2008"]
[Source "ChessBase"]
[SourceDate "2007.11.25"]
[SourceVersion "1"]
[SourceVersionDate "2007.11.25"]
[SourceQuality "1"]

1. d4 Nf6 2. c3 d5 3. e3 g6 4. Bd3 Bg7 5. Nd2 e5 6. dxe5 Ng4 7. Ngf3 Nd7 8. Be2 Ngxe5 9. Nxe5 Nxe5 10. Nf3 0-0 11. Nxe5 Bxe5 12. Bf3 c6 13. 0-0 Be6 14. Qc2 Bf5 15. Qb3 Qb6 16. Qa4 Rfe8 17. Re1 Rad8 18. Qd1 a5 19. Qb3 Qc7 20. g3 Bd3 21. Rd1 Be4 22. Bg2 c5 23. Bxe4 dxe4 24. Bd2 c4 25. Qa4 Re6 26. Be1 Rd3 27. Rxd3 exd3 28. Bd2 Kg7 29. e4 Qc6 30. Qxc6 Rxc6 31. f4 Bc7 32. b3 b5 33. bxc4 Rxc4 34. Be3 b4 35. cxb4 Rxe4 36. Kf2 Rxb4 37. Rd1 Bb6 38. Rd2 Kf6 39. Bxb6 Rxb6 40. Ke3 Kf5 41. h3 Re6+ 42. Kf3 Rd6 43. g4+ Ke6 44. Ke4 f5+ 45. Ke3 fxg4 46. hxg4 Kf6 47. a3 h5 48. Kf3 h4 49. Kg2 g5 50. Kh3 a4 51. fxg5+ 1/2-1/2

[Event "HUN-ch Seniors"]
[Site "Ajka"]
[Date "2005.03.24"]
[Round "1"]
[White "Portisch, Ferenc"]
[Black "Di Giovanni, Vilmos"]
[Result "1-0"]
[WhiteElo "2350"]
[BlackElo "2117"]
[PlyCount "63"]
[EventDate "2005.03.24"]
[EventType "swiss"]
[EventRounds "7"]
[EventCountry "HUN"]
[SourceTitle "EXT 2008"]
[Source "ChessBase"]
[SourceDate "2007.11.25"]
[SourceVersion "1"]
[SourceVersionDate "2007.11.25"]
[SourceQuality "1"]

1. d4 d5 2. c4 e6 3. Nc3 f5 4. g3 c6 5. Bg2 Nf6 6. Nf3 Bd6 7. 0-0 0-0 8. b3 Ne4 9. Qc2 Nd7 10. Rb1 Qe7 11. Ne1 Ndf6 12. Nd3 Nxc3 13. Qxc3 Ne4 14. Qc2 Bd7 15. Bf4 g5 16. Bxd6 Qxd6 17. Ne5 Nf6 18. Qd2 h6 19. c5 Qc7 20. h4 Nh7 21. hxg5 hxg5 22. b4 a6 23. a4 f4 24. Bh3 Rf6 25. Kg2 Raf8 26. Bg4 Be8 27. f3 fxg3 28. Rh1 Qg7 29. Rh3 Rh6 30. Rxh6 Qxh6 31. Rh1 Qf6 32. Qd3 1-0

[Event "HUN-chT2 Charousek 0405"]
[Site "Hungary"]
[Date "2005.03.06"]
[Round "9"]
[White "Vertetics, Attila"]
[Black "Portisch, Ferenc"]
[Result "1/2-1/2"]
[WhiteElo "2174"]
[BlackElo "2332"]
[PlyCount "32"]
[EventDate "2004.09.26"]
[EventType "team"]
[EventRounds "11"]
[EventCountry "HUN"]
[SourceTitle "EXT 2008"]
[Source "ChessBase"]
[SourceDate "2007.11.25"]
[SourceVersion "1"]
[SourceVersionDate "2007.11.25"]
[SourceQuality "1"]
[WhiteTeam "Gyor Elektromos"]
[BlackTeam "Csuti II"]
[WhiteTeamCountry "HUN"]
[BlackTeamCountry "HUN"]

1. d4 Nf6 2. Nf3 g6 3. g3 Bg7 4. Bg2 c6 5. 0-0 0-0 6. b3 d5 7. Bb2 Nbd7 8. Nbd2 e5 9. Nxe5 Nxe5 10. dxe5 Ng4 11. Nf3 Qc7 12. e3 Re8 13. Qd2 Nxe5 14. Nxe5 Bxe5 15. Bxe5 Qxe5 16. c3 Bf5 1/2-1/2

[Event "Szekesfehervar Cup"]
[Site "Szekesfehervar"]
[Date "2004.10.21"]
[Round "2"]
[White "Hagymasi, Janos"]
[Black "Portisch, Ferenc"]
[Result "1/2-1/2"]
[WhiteElo "2113"]
[BlackElo "2332"]
[PlyCount "82"]
[EventDate "2004.10.21"]
[EventType "swiss"]
[EventRounds "7"]
[EventCountry "HUN"]
[SourceTitle "EXT 2008"]
[Source "ChessBase"]
[SourceDate "2007.11.25"]
[SourceVersion "1"]
[SourceVersionDate "2007.11.25"]
[SourceQuality "1"]

1. e4 e6 2. d4 d5 3. Nd2 c5 4. Ngf3 Nc6 5. Bb5 Bd6 6. e5 Bb8 7. dxc5 Nge7 8. 0-0 0-0 9. Re1 Ng6 10. Bxc6 bxc6 11. b4 f6 12. Bb2 fxe5 13. Nxe5 Nxe5 14. Bxe5 Bxe5 15. Rxe5 Qh4 16. c3 Qxf2+ 17. Kh1 a5 18. a3 axb4 19. cxb4 Qd4 20. Qe1 Qb2 21. Nf3 Rxa3 22. Rxa3 Qxa3 23. Re3 Qb2 24. h3 h6 25. Re2 Qf6 26. Ra2 Bd7 27. Ra7 Be8 28. Qg3 Bg6 29. Ne5 Be4 30. Kh2 Qg5 31. Nxc6 Rf1 32. Qxg5 hxg5 33. Ra2 Rb1 34. Kg3 d4 35. Nxd4 Rxb4 36. Nxe6 Bd5 37. Re2 Rb3+ 38. Kg4 Rc3 39. Nxg5 g6 40. Nf3 Bxf3+ 41. gxf3 Rxc5 1/2-1/2

[Event "Gyongyos Matra Cup"]
[Site "Gyongyos"]
[Date "2004.08.04"]
[Round "8"]
[White "Torok, Sandor"]
[Black "Portisch, Ferenc"]
[Result "0-1"]
[WhiteElo "2378"]
[BlackElo "2332"]
[PlyCount "94"]
[EventDate "2004.07.27"]
[EventType "swiss"]
[EventRounds "9"]
[EventCountry "HUN"]
[SourceTitle "EXT 2008"]
[Source "ChessBase"]
[SourceDate "2007.11.25"]
[SourceVersion "1"]
[SourceVersionDate "2007.11.25"]
[SourceQuality "1"]

1. e4 e6 2. d4 d5 3. Nd2 c5 4. exd5 exd5 5. Ngf3 Nc6 6. Bb5 Bd6 7. dxc5 Bxc5 8. 0-0 Nge7 9. Nb3 Bd6 10. Re1 0-0 11. Bd3 Nb4 12. Be2 Bf5 13. Nbd4 Bg6 14. c3 Nbc6 15. Bg5 Qb6 16. Qb3 Qxb3 17. Nxb3 f6 18. Be3 Ne5 19. Bc5 Bxc5 20. Nxc5 N7c6 21. Red1 Bf7 22. Nxe5 fxe5 23. Bb5 a6 24. Nxa6 Rxa6 25. Bxa6 bxa6 26. b4 d4 27. cxd4 exd4 28. a3 Bb3 29. Rd2 Ba4 30. f3 Rd8 31. Rc1 Rd6 32. Kf2 Kf7 33. Rc5 Ke7 34. f4 Kd7 35. f5 Ke7 36. g4 Kf6 37. h4 h6 38. Kf3 d3 39. Ke3 Ne5 40. Rg2 Bb5 41. Kf4 Nxg4 42. Kxg4 d2 43. Rxd2 Rxd2 44. Kf4 Rd4+ 45. Kg3 Rd3+ 46. Kf4 Rxa3 47. Rd5 Rd3 0-1

[Event "Ajka Borostyan Cup"]
[Site "Ajka"]
[Date "2004.07.03"]
[Round "8"]
[White "Portisch, Ferenc"]
[Black "Simai, Laszlo"]
[Result "1-0"]
[WhiteElo "2329"]
[BlackElo "2059"]
[PlyCount "57"]
[EventDate "2004.06.26"]
[EventType "swiss"]
[EventRounds "9"]
[EventCountry "HUN"]
[SourceTitle "EXT 2008"]
[Source "ChessBase"]
[SourceDate "2007.11.25"]
[SourceVersion "1"]
[SourceVersionDate "2007.11.25"]
[SourceQuality "1"]

1. d4 Nf6 2. c4 g6 3. Nc3 d5 4. Nf3 Bg7 5. Bf4 0-0 6. e3 dxc4 7. Bxc4 c5 8. dxc5 Qa5 9. 0-0 Qxc5 10. Bb3 Nc6 11. Rc1 Qh5 12. Ng5 Bg4 13. f3 Bd7 14. g4 Qh4 15. Nxf7 Rxf7 16. g5 Bh3 17. gxf6 Bxf6 18. Bxf7+ Kxf7 19. Qb3+ Kg7 20. Qxb7 Rc8 21. Nd5 Nd8 22. Qb4 Bxf1 23. Rxc8 Qh3 24. Rc2 Bd3 25. Rf2 e5 26. Nxf6 exf4 27. Qxf4 Qe6 28. Qd4 Nf7 29. Nd7+ 1-0

[Event "Zalakaros op 23rd"]
[Site "Zalakaros"]
[Date "2004.05.21"]
[Round "8"]
[White "Portisch, Ferenc"]
[Black "Lenz, Alarich"]
[Result "1-0"]
[WhiteElo "2329"]
[BlackElo "2181"]
[PlyCount "65"]
[EventDate "2004.05.14"]
[EventType "swiss"]
[EventRounds "9"]
[EventCountry "HUN"]
[SourceTitle "EXT 2008"]
[Source "ChessBase"]
[SourceDate "2007.11.25"]
[SourceVersion "1"]
[SourceVersionDate "2007.11.25"]
[SourceQuality "1"]

1. d4 Nf6 2. c4 e6 3. Nc3 Bb4 4. e3 c5 5. Bd3 0-0 6. Nf3 d5 7. 0-0 dxc4 8. Bxc4 cxd4 9. exd4 b6 10. Bg5 Bb7 11. Ne5 Bxc3 12. bxc3 Qc7 13. Bd3 Nbd7 14. Nxd7 Nxd7 15. Rc1 Rfe8 16. f4 f6 17. Bh4 Rad8 18. Qg4 a6 19. Rfe1 Qd6 20. a4 Rc8 21. Bf2 Qa3 22. Qh3 g6 23. c4 Qd6 24. Qe3 f5 25. Bf1 Be4 26. c5 bxc5 27. dxc5 Qc6 28. Red1 Nf6 29. Rd6 Qxa4 30. Rxa6 Qb4 31. Qd4 Nd5 32. Qe5 Rb8 33. Rd6 1-0

[Event "Zalakaros op 23rd"]
[Site "Zalakaros"]
[Date "2004.05.19"]
[Round "6"]
[White "Portisch, Ferenc"]
[Black "Szell, Lajos"]
[Result "1/2-1/2"]
[WhiteElo "2329"]
[BlackElo "2206"]
[PlyCount "33"]
[EventDate "2004.05.14"]
[EventType "swiss"]
[EventRounds "9"]
[EventCountry "HUN"]
[SourceTitle "EXT 2008"]
[Source "ChessBase"]
[SourceDate "2007.11.25"]
[SourceVersion "1"]
[SourceVersionDate "2007.11.25"]
[SourceQuality "1"]

1. d4 Nf6 2. c4 g6 3. Nc3 Bg7 4. e4 d6 5. Be2 0-0 6. Bg5 c5 7. d5 b5 8. cxb5 a6 9. a4 axb5 10. Bxb5 Ba6 11. Nf3 h6 12. Bd2 Bxb5 13. axb5 Rxa1 14. Qxa1 Qb6 15. 0-0 Ne8 16. Qa4 Nc7 17. Qc4 1/2-1/2

[Event "Zalakaros op 23rd"]
[Site "Zalakaros"]
[Date "2004.05.18"]
[Round "5"]
[White "Cirkvencic, Franci"]
[Black "Portisch, Ferenc"]
[Result "1/2-1/2"]
[WhiteElo "2198"]
[BlackElo "2329"]
[PlyCount "80"]
[EventDate "2004.05.14"]
[EventType "swiss"]
[EventRounds "9"]
[EventCountry "HUN"]
[SourceTitle "EXT 2008"]
[Source "ChessBase"]
[SourceDate "2007.11.25"]
[SourceVersion "1"]
[SourceVersionDate "2007.11.25"]
[SourceQuality "1"]

1. d4 Nf6 2. Nf3 g6 3. g3 Bg7 4. c4 c6 5. Nc3 0-0 6. Bg2 d6 7. 0-0 Nbd7 8. e4 e5 9. h3 a5 10. Be3 Re8 11. Re1 exd4 12. Nxd4 Nc5 13. Qc2 a4 14. Rad1 Qa5 15. Bf4 Rd8 16. e5 Nh5 17. Bg5 f6 18. exf6 Nxf6 19. Bxc6 bxc6 20. Nxc6 Qc7 21. Nxd8 Qxd8 22. Nd5 Bf5 23. Qe2 Qf8 24. Bxf6 Bxf6 25. Nxf6+ Qxf6 26. Qf3 Rf8 27. g4 Bd3 28. Qxf6 Rxf6 29. b3 axb3 30. axb3 Bc2 31. Rd4 Bxb3 32. g5 Re6 33. Rxe6 Nxe6 34. Rxd6 Bxc4 35. h4 h6 36. gxh6 Kh7 37. Kh2 Kxh6 38. Rc6 Bd5 39. Rc8 Be4 40. Kg3 Bf5 1/2-1/2

[Event "Zalakaros op 23rd"]
[Site "Zalakaros"]
[Date "2004.05.15"]
[Round "2"]
[White "Portisch, Ferenc"]
[Black "Sax, Gyula"]
[Result "0-1"]
[WhiteElo "2329"]
[BlackElo "2535"]
[PlyCount "69"]
[EventDate "2004.05.14"]
[EventType "swiss"]
[EventRounds "9"]
[EventCountry "HUN"]
[SourceTitle "EXT 2008"]
[Source "ChessBase"]
[SourceDate "2007.11.25"]
[SourceVersion "1"]
[SourceVersionDate "2007.11.25"]
[SourceQuality "1"]

1. d4 Nf6 2. c4 c5 3. d5 a6 4. a4 e6 5. Nc3 exd5 6. cxd5 d6 7. Nf3 g6 8. e4 Bg7 9. Be2 0-0 10. 0-0 Nbd7 11. Nd2 Ne5 12. f4 Ned7 13. Bf3 Ne8 14. Nc4 Nb6 15. Nxb6 Qxb6 16. Qe2 Nf6 17. h3 Re8 18. Qc2 Nd7 19. Kh2 c4 20. a5 Qc7 21. Bd2 Nc5 22. Na4 Nb3 23. Nb6 Nxa1 24. Rxa1 Rb8 25. Ra4 Bd7 26. Rxc4 Qd8 27. Bc3 Bb5 28. Bxg7 Kxg7 29. Qc3+ f6 30. Rb4 Re7 31. Rxb5 axb5 32. Qb4 Qc7 33. e5 fxe5 34. fxe5 Rxe5 35. Nd7 0-1

[Event "HUN-ch Seniors"]
[Site "Ajka"]
[Date "2004.04.08"]
[Round "1"]
[White "Portisch, Ferenc"]
[Black "Szittar, Antal"]
[Result "1-0"]
[WhiteElo "2329"]
[BlackElo "2080"]
[PlyCount "65"]
[EventDate "2004.04.08"]
[EventType "swiss"]
[EventRounds "7"]
[EventCountry "HUN"]
[SourceTitle "EXT 2008"]
[Source "ChessBase"]
[SourceDate "2007.11.25"]
[SourceVersion "1"]
[SourceVersionDate "2007.11.25"]
[SourceQuality "1"]

1. d4 Nf6 2. c4 g6 3. Nc3 Bg7 4. Nf3 0-0 5. Bf4 c5 6. d5 d6 7. h3 a6 8. a4 Qa5 9. Nd2 Nh5 10. Bg5 Re8 11. g4 Nf6 12. Bg2 Nbd7 13. Bf4 Ne5 14. 0-0 Nfd7 15. Qc2 h6 16. Bg3 g5 17. e3 Ng6 18. f4 gxf4 19. exf4 Ndf8 20. Kh2 Bd7 21. Nce4 Qb4 22. f5 Ne5 23. f6 Bxf6 24. Nxf6+ exf6 25. Rxf6 Nfg6 26. Rxd6 b5 27. Ne4 Re7 28. Nf6+ Kg7 29. axb5 Nxc4 30. Rxd7 Kxf6 31. Rxe7 Kxe7 32. d6+ Kf8 33. Bxa8 1-0